Sound

Bibliographic Details
Main Author: Taylor, Barbara
Format: Book
Published: London : Gloucester Press , 1992
Series:Focus on
Subjects:

MARC

LEADER 00000cam a2200000 7i4500
001 0000002699
002 000002927
005 20060126.0
020 |a 0749610190 
090 0 0 |a 030   |b TAY 
100 1 |a Taylor, Barbara 
245 1 0 |a Sound   |c Barbara Taylor 
260 |a London :   |b Gloucester Press ,   |c 1992 
300 |a 32p. :   |b ill ;   |c 28cm. 
490 0 |a Focus on 
650 0 0 |a Sound   |x Juvenile literature 
999 |a 036172   |b BUKU   |c JUNIOR BOOKS   |e PERPUSTAKAAN KOMUNITI PETALING JAYA